000 00536nam a2200181Ia 4500
999 _c32630
_d32630
003 OSt
005 20201013104028.0
008 190216s9999||||xx |||||||||||||| ||und||
020 _a9788178794143
040 _coclc
082 _a796.072
_bVER/T
100 _aVerma, J Prakash
_95637
245 0 _aA Text Book Of Sports Statistics /
_cJ Prakash Verma
260 _bSports Publication,
_c2009.
_aNew Delhi:
300 _a382p
650 _aPhysical Education
942 _cBK
_2ddc
_h796.072
_iVER/T
_k796.072
_mVER/T